[Event "FICS rated blitz game"]
[Site "FICS freechess.org"]
[Date "2018.01.16"]
[Round "?"]
[White "bakonyi"]
[Black "Pianoum"]
[Result "1-0"]
[WhiteElo "1935"]
[BlackElo "1850"]
[PlyCount "117"]
[EventDate "2018.??.??"]
[EventType "blitz"]

1. e4 e5 2. Nf3 Nc6 3. c3 Bc5 4. d4 exd4 5. cxd4 Bb4+ 6. Nc3 d6 7. Be2 Bg4 8.
O-O Nge7 9. d5 Bxf3 10. Bxf3 Ne5 11. Be2 O-O 12. f4 N5g6 13. Be3 f5 14. exf5
Nxf5 15. Bd4 Nxd4 16. Bd3 Nxf4 17. a3 Bxc3 18. bxc3 Nxd3 19. Qxd3 c5 20. cxd4
Qb6 21. Rfb1 Qc7 22. Qb5 cxd4 23. Qxb7 Qc3 24. Qc6 Qe3+ 25. Kh1 Rac8 26. Qxd6
Rc2 27. Qe6+ Qxe6 28. dxe6 Re2 29. Rd1 Rd8 30. Re1 Rxe1+ 31. Rxe1 d3 32. e7 Re8
33. Kg1 Kf7 34. Rd1 Rxe7 35. Rxd3 Rb7 36. h4 h6 37. Kh2 Kf6 38. Kh3 Ke6 39. Kg4
Kf6 40. Rd6+ Kf7 41. Ra6 Rc7 42. g3 Rc4+ 43. Kh3 Rc7 44. g4 g6 45. h5 g5 46.
Rxh6 Rc3+ 47. Kg2 Rxa3 48. Rg6 a5 49. Rxg5 a4 50. Ra5 Ra2+ 51. Kg3 a3 52. Kh4
Kg7 53. Kg5 Ra1 54. Ra7+ Kg8 55. h6 a2 56. Kg6 Kf8 57. h7 Rh1 58. Rxa2 Ke7 59.
Kg7 {Black resigns} 1-0

[Event "FICS rated blitz game"]
[Site "FICS freechess.org"]
[Date "2018.01.16"]
[Round "?"]
[White "denk"]
[Black "KIAUA"]
[Result "0-1"]
[WhiteElo "1360"]
[BlackElo "1381"]
[PlyCount "68"]
[EventDate "2018.??.??"]
[EventType "blitz"]

1. e4 e5 2. Nf3 Nc6 3. c3 Bc5 4. Bc4 d6 5. O-O f5 6. d4 exd4 7. cxd4 Bb6 8.
exf5 Bxf5 9. d5 Ne5 10. Nxe5 dxe5 11. Re1 Qf6 12. Bf4 e4 13. d6 O-O-O 14. Qc2
cxd6 15. Bxg8+ Kb8 16. Bd5 e3 17. Qe2 exf2+ 18. Kh1 fxe1=Q+ 19. Qxe1 Qxb2 20.
Nd2 Rhe8 21. Qc1 Qxc1+ 22. Rxc1 Bc5 23. h3 h6 24. Rxc5 b6 25. Rc6 Re1+ 26. Kh2
g5 27. Bxd6+ Kb7 28. Rc1+ Ka6 29. Rxe1 Rxd6 30. Re5 Bd3 31. Nb3 Bb5 32. Rf5 Rd8
33. Nd4 Bd3 34. Nb3 Bxf5 {White resigns} 0-1

[Event "FICS rated standard game"]
[Site "FICS freechess.org"]
[Date "2018.01.16"]
[Round "?"]
[White "Nidifugous"]
[Black "snazzzzzz"]
[Result "0-1"]
[WhiteElo "1553"]
[BlackElo "1587"]
[PlyCount "104"]
[EventDate "2018.??.??"]

1. e4 e5 2. Nf3 Nc6 3. c3 Nf6 4. Bb5 Nxe4 5. Bxc6 bxc6 6. Nxe5 Qf6 7. Nf3 d5 8.
d4 Bg4 9. Nbd2 Qe6 10. Nxe4 dxe4 11. Qe2 Bxf3 12. gxf3 exf3 13. Qxe6+ fxe6 14.
Bf4 O-O-O 15. O-O-O Bd6 16. Bg5 Rd7 17. Rhe1 Re8 18. b4 h6 19. Bh4 Bxh2 20. Bg3
Bxg3 21. fxg3 g5 22. Re5 Rf7 23. Rf1 f2 24. Kd2 Rf3 25. Ke2 g4 26. Re4 h5 27.
Re5 Rxc3 28. Kxf2 Rf8+ 29. Ke1 Rc1+ 30. Kd2 Rcxf1 31. Rxe6 R1f2+ 32. Kc3 Rxa2
33. Rxc6 Ra3+ 34. Kc4 Rxg3 35. Ra6 Kb7 36. b5 Rff3 37. Kc5 Rc3+ 38. Kd5 Rb3 39.
Rh6 Rxb5+ 40. Kc4 Rf5 41. d5 Rg1 42. Rh7 Rc1+ 43. Kd4 g3 44. d6 Rd1+ 45. Ke4
Rc5 46. Kf3 Rc3+ 47. Kg2 Rd2+ 48. Kh3 g2+ 49. Kh2 Rc1 50. Rxc7+ Rxc7 51. dxc7
Kxc7 52. Kg1 a5 {White resigns} 0-1

[Event "FICS rated blitz game"]
[Site "FICS freechess.org"]
[Date "2018.01.16"]
[Round "?"]
[White "fabiuscu"]
[Black "Roschka"]
[Result "0-1"]
[WhiteElo "1145"]
[BlackElo "1441"]
[PlyCount "52"]
[EventDate "2018.??.??"]
[EventType "blitz"]

1. e4 e5 2. Nf3 Nc6 3. c3 f5 4. d3 Nf6 5. Nbd2 Bc5 6. b4 Bb6 7. h3 a6 8. a4 O-O
9. a5 Ba7 10. g3 d6 11. Bg2 Nh5 12. Nb3 Be6 13. Be3 Bxe3 14. fxe3 Nxg3 15. Rh2
fxe4 16. dxe4 Nxe4 17. Qc2 d5 18. Nfd2 Qh4+ 19. Kd1 Nf2+ 20. Kc1 e4 21. Nd4
Nd3+ 22. Kb1 Qe1+ 23. Ka2 Ndxb4+ 24. Kb3 Nxd4+ 25. Kxb4 Nxc2+ 26. Kb3 Nxa1+ {
White resigns} 0-1

[Event "FICS rated blitz game"]
[Site "FICS freechess.org"]
[Date "2018.01.16"]
[Round "?"]
[White "TheOffice"]
[Black "juansosa"]
[Result "1-0"]
[WhiteElo "1969"]
[BlackElo "1821"]
[PlyCount "59"]
[EventDate "2018.??.??"]
[EventType "blitz"]

1. e4 e5 2. Nf3 Nc6 3. c3 f5 4. d4 fxe4 5. Nxe5 Nf6 6. Bg5 d5 7. Bb5 Bd7 8. O-O
Bd6 9. Bxf6 Qxf6 10. Qh5+ g6 11. Qh6 O-O-O 12. Nxd7 Kxd7 13. Na3 a6 14. Bxc6+
Kxc6 15. Nc2 Kb6 16. f3 Bf4 17. fxe4 Bxh6 18. Rxf6+ c6 19. e5 Rhf8 20. Raf1
Rde8 21. Rf7 Kb5 22. Rxb7+ Kc4 23. Rd1 Rb8 24. Rxb8 Rxb8 25. Nb4 a5 26. Nxc6
Rxb2 27. e6 Rb6 28. e7 Rxc6 29. e8=Q Be3+ 30. Qxe3 {Black resigns} 1-0

[Event "FICS rated blitz game"]
[Site "FICS freechess.org"]
[Date "2018.01.16"]
[Round "?"]
[White "ARUJ"]
[Black "Boeketstraat"]
[Result "0-1"]
[WhiteElo "1622"]
[BlackElo "1709"]
[PlyCount "102"]
[EventDate "2018.??.??"]
[EventType "blitz"]

1. e4 e5 2. Nf3 Nc6 3. c3 Bc5 4. d3 Nf6 5. Be2 h6 6. Be3 Bb6 7. Bxb6 axb6 8.
O-O d6 9. Na3 Bg4 10. Ne1 Be6 11. Nac2 O-O 12. Ne3 Nh7 13. b3 f5 14. d4 f4 15.
N3c2 Bf7 16. d5 Ne7 17. Nf3 Ng6 18. c4 Nh4 19. Nxh4 Qxh4 20. Bg4 Nf6 21. Bf3 g5
22. Ne1 g4 23. Be2 Kh7 24. g3 fxg3 25. fxg3 Qg5 26. Rf5 Qg7 27. Ng2 Bg6 28. Nh4
Nxe4 29. Rxf8 Rxf8 30. Bxg4 Nf2 31. Qd2 Nxg4 32. Nxg6 Qxg6 33. Rf1 Rxf1+ 34.
Kxf1 Qf5+ 35. Kg2 Qe4+ 36. Kh3 Nf6 37. Qf2 Qg4+ 38. Kg2 Kg7 39. h3 Qe4+ 40. Kh2
Nh5 41. a4 Qg6 42. b4 Nf6 43. a5 bxa5 44. bxa5 Ne4 45. Qe3 Nc5 46. h4 Qd3 47.
Qf2 Qxc4 48. Kh3 Qxd5 49. g4 Qd3+ 50. Kh2 Qd4 51. h5 Qxf2+ 0-1

[Event "FICS unrated blitz game"]
[Site "FICS freechess.org"]
[Date "2018.01.16"]
[Round "?"]
[White "Sharppunch"]
[Black "Loutcho"]
[Result "0-1"]
[WhiteElo "1717"]
[BlackElo "1942"]
[PlyCount "34"]
[EventDate "2018.??.??"]
[EventType "blitz"]

1. e4 e5 2. Nf3 Nc6 3. c3 d5 4. Qa4 f6 5. Bb5 Nge7 6. O-O a6 7. Re1 Bd7 8. Bd3
Bg4 9. Nh4 b5 10. Qc2 d4 11. a4 b4 12. Qb3 Qd7 13. cxb4 Ng6 14. Nf5 Nxb4 15.
Na3 Nxd3 16. Qxd3 Nf4 17. Qb3 Qc6 0-1

[Event "FICS rated blitz game"]
[Site "FICS freechess.org"]
[Date "2018.01.16"]
[Round "?"]
[White "Solidrockgee"]
[Black "cbm"]
[Result "1-0"]
[WhiteElo "1353"]
[BlackElo "1306"]
[PlyCount "107"]
[EventDate "2018.??.??"]
[EventType "blitz"]

1. e4 e5 2. c3 Nc6 3. Nf3 Be7 4. Bc4 d6 5. d4 Bf6 6. d5 Nce7 7. O-O Ng6 8. Bb5+
Bd7 9. Bxd7+ Qxd7 10. Re1 N8e7 11. c4 O-O 12. Nc3 a6 13. a3 Qg4 14. h3 Qh5 15.
Kh2 Nh4 16. g4 Nxf3+ 17. Qxf3 Qh4 18. Ne2 Bg5 19. Ng3 Bxc1 20. Raxc1 g6 21. Rg1
f6 22. Rcf1 Rf7 23. Qg2 Raf8 24. f4 exf4 25. Rxf4 f5 26. exf5 Nxf5 27. Nxf5
Rxf5 28. Rxf5 gxf5 29. gxf5+ Kf7 30. Qg7+ Ke8 31. Rg3 Rf7 32. Re3+ Re7 33. Qg8+
Kd7 34. Rxe7+ Qxe7 35. Qe6+ Kd8 36. f6 Qf8 37. f7 Qe7 38. Qf5 Qf8 39. Qxh7 Ke7
40. Kg3 Qxf7 41. Qxf7+ Kxf7 42. Kg4 Kg6 43. b4 b6 44. h4 a5 45. bxa5 bxa5 46.
a4 Kf6 47. h5 Kf7 48. Kg5 Kg7 49. h6+ Kh7 50. Kh5 Kg8 51. Kg6 Kh8 52. h7 c5 53.
dxc6 d5 54. c7 1-0

[Event "FICS rated blitz game"]
[Site "FICS freechess.org"]
[Date "2018.01.16"]
[Round "?"]
[White "Uddo"]
[Black "PQBIV"]
[Result "1-0"]
[WhiteElo "1505"]
[BlackElo "1339"]
[PlyCount "69"]
[EventDate "2018.??.??"]
[EventType "blitz"]

1. e4 e5 2. Nf3 Nc6 3. c3 d5 4. d4 dxe4 5. Ng5 Bf5 6. d5 Nb8 7. Bb5+ Nd7 8. Nd2
Qxg5 9. O-O Qg6 10. g3 O-O-O 11. Qa4 Bh3 12. Re1 Bc5 13. Nxe4 Qg4 14. Nxc5 Qxa4
15. Bxa4 Nxc5 16. Bc2 f6 17. c4 Ne7 18. b4 Na6 19. a3 h5 20. Bb2 h4 21. Be4
hxg3 22. fxg3 Bd7 23. Bc3 Nf5 24. a4 Nd4 25. Bxd4 exd4 26. Rab1 c5 27. dxc6
Bxc6 28. Bf5+ Kc7 29. b5 Nc5 30. bxc6 bxc6 31. Re7+ Rd7 32. Bxd7 Re8 33. Bxe8+
Kc8 34. Rxa7 Nb3 35. Rxb3 {Black resigns} 1-0

[Event "FICS rated blitz game"]
[Site "FICS freechess.org"]
[Date "2018.01.16"]
[Round "?"]
[White "Fireblizzard"]
[Black "gizenga"]
[Result "0-1"]
[WhiteElo "1907"]
[BlackElo "1709"]
[PlyCount "62"]
[EventDate "2018.??.??"]
[EventType "blitz"]

1. e4 e5 2. Nf3 Nc6 3. c3 Be7 4. d4 exd4 5. cxd4 d6 6. Nc3 Nf6 7. h3 O-O 8. Be3
d5 9. e5 Ne4 10. Bd3 Nxc3 11. bxc3 f6 12. O-O f5 13. Rb1 f4 14. Bd2 Be6 15. Qc1
g5 16. Rxb7 Rb8 17. Rxb8 Nxb8 18. c4 c6 19. Qc2 Rf7 20. Rb1 Rg7 21. Qa4 g4 22.
hxg4 Bxg4 23. Nh2 Bh3 24. Bf1 Bh4 25. Bxf4 Qf8 26. cxd5 Rf7 27. Be3 Rg7 28.
dxc6 h5 29. Bh6 Rxg2+ 30. Bxg2 Qxf2+ 31. Kh1 Qxg2# {White checkmated} 0-1

[Event "FICS rated blitz game"]
[Site "FICS freechess.org"]
[Date "2018.01.16"]
[Round "?"]
[White "morts"]
[Black "RockShoes"]
[Result "0-1"]
[WhiteElo "1144"]
[BlackElo "1217"]
[PlyCount "70"]
[EventDate "2018.??.??"]
[EventType "blitz"]

1. e4 e5 2. Nf3 Nc6 3. c3 Nf6 4. d3 d5 5. Nbd2 Bc5 6. Nb3 Bb6 7. g3 Ng4 8. d4
exd4 9. cxd4 O-O 10. Bg2 dxe4 11. Ne5 Nxf2 12. Kxf2 Nxe5 13. Be3 Ng4+ 14. Ke2
Nxe3 15. Kxe3 Qg5+ 16. Kxe4 Bf5+ 17. Kf3 Bg4+ 18. Kf2 Bxd1 19. Raxd1 c6 20. h4
Qf6+ 21. Bf3 Rad8 22. Nc5 Rxd4 23. Ne4 Rxe4+ 24. Kg2 Qxb2+ 25. Kh3 Re3 26. Bg4
Qe5 27. Rhg1 Rd8 28. Rg2 Rxd1 29. Bxd1 Bc7 30. Kh2 Rxg3 31. Be2 Rxg2+ 32. Kxg2
Qh2+ 33. Kf3 Bf4 34. Ke4 Qxe2+ 35. Kxf4 c5 {White resigns} 0-1

[Event "FICS rated blitz game"]
[Site "FICS freechess.org"]
[Date "2018.01.16"]
[Round "?"]
[White "Jephtah"]
[Black "Howitzer"]
[Result "0-1"]
[WhiteElo "1515"]
[BlackElo "1552"]
[PlyCount "34"]
[EventDate "2018.??.??"]
[EventType "blitz"]

1. e4 e5 2. Nf3 Nc6 3. c3 Nf6 4. d4 Nxe4 5. d5 Ne7 6. Nxe5 Ng6 7. Nxg6 hxg6 8.
Bf4 Bc5 9. Be3 Bxe3 10. fxe3 Qh4+ 11. Ke2 d6 12. Qd4 Qf2+ 13. Kd3 Bf5 14. Kc4
a5 15. Bd3 b5+ 16. Kb3 Nc5+ 17. Ka3 Nxd3 {White resigns} 0-1

[Event "FICS rated standard game"]
[Site "FICS freechess.org"]
[Date "2018.01.16"]
[Round "?"]
[White "FyFazan"]
[Black "porttela"]
[Result "1-0"]
[WhiteElo "1662"]
[BlackElo "1637"]
[PlyCount "123"]
[EventDate "2018.??.??"]

1. e4 e5 2. Nf3 Nc6 3. c3 Bc5 4. d4 exd4 5. cxd4 Bb6 6. Nc3 Nge7 7. Bg5 f6 8.
Be3 O-O 9. Bc4+ Kh8 10. O-O Ng6 11. Nd5 d6 12. Nxb6 axb6 13. a3 Bg4 14. Be2 Re8
15. Qc2 Na5 16. b4 Nc6 17. h3 Bd7 18. Rad1 Nce7 19. Rfe1 Rxa3 20. Qb2 Ra4 21.
e5 Nf5 22. exf6 Nxe3 23. fxg7+ Kg8 24. fxe3 Rxe3 25. Bc4+ Re6 26. Bxe6+ Bxe6
27. d5 Bd7 28. Nd4 Qh4 29. Ne6 Rxb4 30. Qc3 Rc4 31. Qf3 Qe7 32. Nxc7 Ne5 33.
Qg3 Rxc7 34. Qb3 b5 35. Qb4 Rc4 36. Qb3 Qxg7 37. Re3 Rh4 38. Rg3 Ng6 39. Rf1
Qe5 40. Qf3 Rf4 41. Rxg6+ hxg6 42. Qxf4 Qxf4 43. Rxf4 Kg7 44. Rb4 Kf6 45. Kf2
Ke5 46. Kg3 Kxd5 47. Kh4 Kc5 48. Rb1 b4 49. Kg5 d5 50. Kxg6 d4 51. h4 Kc4 52.
Kg5 Kc3 53. Kf4 d3 54. Ke3 b3 55. Rc1+ Kb2 56. Kd2 Bf5 57. h5 b5 58. Rc5 Ka2
59. Rxf5 b2 60. Rxb5 b1=Q 61. Rxb1 Kxb1 62. Kxd3 {Black resigns} 1-0

[Event "FICS rated blitz game"]
[Site "FICS freechess.org"]
[Date "2018.01.16"]
[Round "?"]
[White "falak"]
[Black "WiraTattoo"]
[Result "1-0"]
[WhiteElo "1471"]
[BlackElo "1385"]
[PlyCount "89"]
[EventDate "2018.??.??"]
[EventType "blitz"]

1. e4 e5 2. Nf3 Nc6 3. c3 Nf6 4. d3 d5 5. exd5 Nxd5 6. Be2 Bc5 7. O-O O-O 8. h3
Nf4 9. Bxf4 exf4 10. d4 Bd6 11. Nbd2 Ne7 12. Nc4 Ng6 13. Nxd6 cxd6 14. Qd3 b6
15. Nd2 Bb7 16. Bf3 Rb8 17. Bxb7 Rxb7 18. Ne4 Re7 19. Rfe1 Rfe8 20. Kf1 d5 21.
Nd2 Rxe1+ 22. Rxe1 Rxe1+ 23. Kxe1 Qg5 24. Kf1 Nh4 25. g3 fxg3 26. fxg3 Qf6+ 27.
Kg1 Nf5 28. Qf3 g6 29. g4 Qg5 30. Nf1 Nh4 31. Qf2 h5 32. Qg3 hxg4 33. Qxg4
Qxg4+ 34. hxg4 Nf3+ 35. Kf2 Nd2 36. Nxd2 Kf8 37. Kf3 Ke7 38. g5 f6 39. Kg4 f5+
40. Kf4 Ke6 41. Nf3 a5 42. Ne5 b5 43. Nxg6 b4 44. Ne5 bxc3 45. bxc3 {Black
resigns} 1-0

[Event "FICS rated lightning game"]
[Site "FICS freechess.org"]
[Date "2018.01.16"]
[Round "?"]
[White "kungzeb"]
[Black "rossoscuro"]
[Result "1-0"]
[WhiteElo "1800"]
[BlackElo "1887"]
[PlyCount "87"]
[EventDate "2018.??.??"]

1. e4 e5 2. Nf3 Nc6 3. c3 d5 4. exd5 Qxd5 5. d4 e4 6. Nfd2 Bf5 7. Bc4 Qd7 8.
Qb3 O-O-O 9. Bxf7 Nf6 10. O-O Bd6 11. Nxe4 Nxe4 12. Re1 Rhf8 13. Be6 Bxe6 14.
d5 Bxd5 15. c4 Be6 16. Rxe4 Bc5 17. Be3 Bxe3 18. Qxe3 Qd1+ 19. Qe1 Qxe1+ 20.
Rxe1 Bxc4 21. Na3 Ba6 22. b4 b5 23. Rac1 Nxb4 24. Re4 Nd3 25. Rb1 Nxf2 26. Re2
Nd3 27. h3 Nf4 28. Re4 b4 29. Rbxb4 Bb7 30. Rxf4 Rxf4 31. Rxf4 Rd1+ 32. Kh2 Rd7
33. Rf8+ Rd8 34. Rxd8+ Kxd8 35. Nc4 c5 36. Ne3 Ba6 37. Nc2 Bd3 38. Ne1 Be2 39.
a3 c4 40. g4 c3 41. Kg3 c2 42. Nxc2 Bd1 43. Nd4 Ba4 44. Ne6+ 1-0

[Event "FICS rated blitz game"]
[Site "FICS freechess.org"]
[Date "2018.01.16"]
[Round "?"]
[White "Uddo"]
[Black "ambaradam"]
[Result "1/2-1/2"]
[WhiteElo "1500"]
[BlackElo "1446"]
[PlyCount "141"]
[EventDate "2018.??.??"]
[EventType "blitz"]

1. e4 e5 2. Nf3 Nc6 3. c3 Bc5 4. d4 exd4 5. cxd4 Bb4+ 6. Nc3 d6 7. Bb5 Nge7 8.
d5 a6 9. Ba4 b5 10. Bc2 Ne5 11. O-O Bg4 12. Kh1 Bxf3 13. gxf3 f5 14. f4 Ng4 15.
e5 g6 16. e6 c5 17. dxc6 Nxc6 18. Nd5 Bc5 19. Be3 Ne7 20. Bxc5 dxc5 21. h3 Nxd5
22. hxg4 fxg4 23. Qxg4 Qf6 24. Be4 Rd8 25. Rad1 Qxf4 26. Qxf4 Nxf4 27. Bc6+ Ke7
28. Bd7 Nxe6 29. Bxe6 Rxd1 30. Rxd1 Kxe6 31. Kg2 Rc8 32. Re1+ Kf5 33. Rd1 Ke5
34. Rd7 Rh8 35. Ra7 Kd4 36. Rxa6 b4 37. Kf3 Kc4 38. Rc6 Kb5 39. Rc7 Kb6 40. Rd7
Kc6 41. Re7 h5 42. Kg3 Kb5 43. Kh4 Rg8 44. Kg5 Rf8 45. f4 Rf5+ 46. Kxg6 Rxf4
47. Kxh5 Rf2 48. a4+ bxa3 49. bxa3 Rh2+ 50. Kg4 Ra2 51. Ra7 Kb6 52. Ra8 c4 53.
Kf3 c3 54. Ke3 Rd2 55. a4 Kb7 56. Ra5 Rd1 57. Rc5 Re1+ 58. Kd3 Ra1 59. Rc4 Ra3
60. Kc2 Ka6 61. Rxc3 Rxc3+ 62. Kxc3 Ka5 63. Kb3 Ka6 64. Kb4 Kb6 65. a5+ Ka6 66.
Ka4 Ka7 67. Kb5 Ka8 68. a6 Ka7 69. Ka5 Kb8 70. Kb6 Ka8 71. a7 1/2-1/2

[Event "FICS rated standard game"]
[Site "FICS freechess.org"]
[Date "2018.01.16"]
[Round "?"]
[White "bladehut"]
[Black "Chmch"]
[Result "1-0"]
[WhiteElo "1377"]
[BlackElo "1467"]
[PlyCount "67"]
[EventDate "2018.??.??"]

1. e4 e5 2. Nf3 Nc6 3. c3 d6 4. Bb5 Bd7 5. d4 exd4 6. cxd4 a6 7. Bxc6 bxc6 8.
O-O g6 9. e5 dxe5 10. dxe5 Bg7 11. Re1 Ne7 12. Bg5 Rb8 13. b3 O-O 14. Nbd2 Re8
15. Ne4 Bf5 16. Nf6+ Bxf6 17. exf6 Nd5 18. Ne5 Qd6 19. f4 Re6 20. g4 Qc5+ 21.
Kg2 Bc2 22. Qe2 Ne3+ 23. Qxe3 Qd5+ 24. Kh3 Rbe8 25. Rad1 Qb5 26. Rd7 Rf8 27.
Bh6 Rxf6 28. g5 Re6 29. Bxf8 Bf5+ 30. Kh4 Kxf8 31. Rxf7+ Kg8 32. Rxc7 Qd5 33.
Rc8+ Kg7 34. Qa7+ {Black resigns} 1-0

[Event "FICS rated blitz game"]
[Site "FICS freechess.org"]
[Date "2018.01.16"]
[Round "?"]
[White "RADACK"]
[Black "CyrusX"]
[Result "1-0"]
[WhiteElo "1593"]
[BlackElo "1504"]
[PlyCount "71"]
[EventDate "2018.??.??"]
[EventType "blitz"]

1. e4 e5 2. Nf3 Nc6 3. c3 Nf6 4. Qc2 Bc5 5. b4 Bb6 6. b5 Na5 7. d4 d6 8. h3 O-O
9. Bd3 c6 10. a4 Be6 11. Nbd2 exd4 12. cxd4 Rc8 13. Qb2 Re8 14. O-O Qd7 15. Kh2
Bc7 16. d5 cxd5 17. exd5 Bxd5 18. Qd4 Bb6 19. Qh4 Nb3 20. Nxb3 Bxb3 21. Bb2 Re6
22. Bf5 Rc4 23. Bxe6 Qxe6 24. Qg3 Bc7 25. Kg1 d5 26. Qg5 Bf4 27. Rae1 Qd6 28.
Qf5 Bc2 29. Be5 Bxe5 30. Qxe5 Qd7 31. Nd4 Be4 32. f3 Bg6 33. Kh1 h6 34. Rd1
Rxa4 35. Rfe1 Kh7 36. Ne2 1-0

[Event "FICS rated lightning game"]
[Site "FICS freechess.org"]
[Date "2018.01.16"]
[Round "?"]
[White "kungzeb"]
[Black "rossoscuro"]
[Result "0-1"]
[WhiteElo "1784"]
[BlackElo "1903"]
[PlyCount "46"]
[EventDate "2018.??.??"]

1. e4 e5 2. Nf3 Nc6 3. c3 d5 4. exd5 Qxd5 5. d4 e4 6. Nfd2 f5 7. Bc4 Qd8 8. Qb3
Nf6 9. Bf7+ Ke7 10. O-O Qd6 11. Nc4 Qd7 12. Ne5 Nxe5 13. dxe5 Ng4 14. Bf4 h6
15. e6 Qc6 16. Nd2 Bxe6 17. Bxe6 Qxe6 18. Qxb7 Rc8 19. Nb3 Kf7 20. Nd4 Qd7 21.
Rad1 Bd6 22. Bxd6 Qxd6 23. Nxf5 Qxh2# {White checkmated} 0-1

[Event "FICS rated lightning game"]
[Site "FICS freechess.org"]
[Date "2018.01.16"]
[Round "?"]
[White "kungzeb"]
[Black "rossoscuro"]
[Result "0-1"]
[WhiteElo "1771"]
[BlackElo "1916"]
[PlyCount "104"]
[EventDate "2018.??.??"]

1. e4 e5 2. Nf3 Nc6 3. c3 Nf6 4. d4 exd4 5. e5 d6 6. cxd4 Nd7 7. Bb5 Be7 8. O-O
dxe5 9. Bxc6 bxc6 10. dxe5 O-O 11. Bf4 Nb6 12. Nc3 Ba6 13. Re1 Qxd1 14. Raxd1
Rfd8 15. e6 Rxd1 16. Nxd1 f5 17. Bxc7 Nd5 18. Be5 Rd8 19. Nc3 Nb4 20. a3 Nd3
21. Rd1 Nxe5 22. Rxd8+ Bxd8 23. Nxe5 Be7 24. Nxc6 Kf8 25. Nd5 Bd6 26. b4 Bc4
27. Ne3 Ba2 28. b5 Ke8 29. Nxf5 Be5 30. e7 Bf6 31. g4 Bxe7 32. Nfxe7 g6 33. h4
Bc4 34. h5 Bxb5 35. hxg6 hxg6 36. Nxg6 Bxc6 37. Ne5 Bd5 38. f4 Ke7 39. g5 Ke6
40. Kf2 Kf5 41. Ke3 Bb3 42. a4 Bf7 43. Nf3 Bg6 44. Nd4+ Kg4 45. a5 Bf5 46. a6
Bd7 47. Ne6 Bc8 48. Kd4 Bxa6 49. Ke5 Bc8 50. Kf6 Bxe6 51. g6 Bc4 52. g7 Bg8 0-1

[Event "FICS unrated lightning game"]
[Site "FICS freechess.org"]
[Date "2018.01.16"]
[Round "?"]
[White "BayouOn"]
[Black "Rockvtp"]
[Result "1-0"]
[WhiteElo "1429"]
[BlackElo "1199"]
[PlyCount "49"]
[EventDate "2018.??.??"]

1. e4 e5 2. Nf3 Nc6 3. c3 Bc5 4. d4 exd4 5. cxd4 Bb4+ 6. Nc3 Bxc3+ 7. bxc3 Qe7
8. Bd3 Qf6 9. e5 Qe6 10. O-O h5 11. c4 b6 12. d5 Qg4 13. dxc6 dxc6 14. h3 Qe6
15. c5 bxc5 16. Qc2 Bb7 17. Qxc5 O-O-O 18. Rb1 Rxd3 19. Qxa7 Rxf3 20. Qxb7+ Kd7
21. Rd1+ Ke7 22. Qxc7+ Kf8 23. Rd8+ Qe8 24. Rxe8+ Kxe8 25. Rb8# {Black
checkmated} 1-0

[Event "FICS rated blitz game"]
[Site "FICS freechess.org"]
[Date "2018.01.16"]
[Round "?"]
[White "denk"]
[Black "LittleBilbo"]
[Result "0-1"]
[WhiteElo "1333"]
[BlackElo "1382"]
[PlyCount "56"]
[EventDate "2018.??.??"]
[EventType "blitz"]

1. e4 e5 2. Nf3 Nc6 3. c3 Nf6 4. Bc4 Be7 5. O-O d6 6. d4 exd4 7. e5 dxe5 8.
cxd4 Nxd4 9. Nxe5 O-O 10. Nc3 Ne6 11. Qb3 a6 12. Be3 b5 13. Bxe6 Bxe6 14. Qc2
Bd6 15. Rad1 Qe7 16. Nc6 Qe8 17. Rxd6 cxd6 18. Nd4 Rc8 19. Qd2 Bc4 20. Re1 Qd7
21. Bg5 Nd5 22. Nxd5 Bxd5 23. h3 Qb7 24. Re7 Rc7 25. Nf5 Be6 26. Nxd6 Qc6 27.
Rxc7 Qxc7 28. Ne4 Qe5 0-1

[Event "FICS rated blitz game"]
[Site "FICS freechess.org"]
[Date "2018.01.16"]
[Round "?"]
[White "kiknit"]
[Black "HSKHKU"]
[Result "1-0"]
[WhiteElo "1462"]
[BlackElo "1480"]
[PlyCount "67"]
[EventDate "2018.??.??"]
[EventType "blitz"]

1. e4 e5 2. Nf3 Nc6 3. c3 a6 4. d4 exd4 5. cxd4 d6 6. Bc4 h6 7. Nc3 Be7 8. O-O
Nf6 9. e5 dxe5 10. d5 Na5 11. Qa4+ Nc6 12. dxc6 O-O 13. cxb7 Bxb7 14. Nxe5 Bd5
15. Bxd5 Nxd5 16. Rd1 Nb6 17. Rxd8 Nxa4 18. Rxa8 Rxa8 19. Nxa4 Bd6 20. Bf4 g5
21. Bg3 f5 22. f4 g4 23. Nc3 Rb8 24. b3 Rb4 25. Nd5 Rd4 26. Nf6+ Kg7 27. Nh5+
Kf8 28. Re1 Bxe5 29. fxe5 Kf7 30. e6+ Kg6 31. Nf4+ Kf6 32. e7 Re4 33. Rxe4 fxe4
34. e8=Q {Black resigns} 1-0

[Event "FICS rated blitz game"]
[Site "FICS freechess.org"]
[Date "2018.01.16"]
[Round "?"]
[White "Nahka"]
[Black "CoolDad"]
[Result "1-0"]
[WhiteElo "1809"]
[BlackElo "1671"]
[PlyCount "53"]
[EventDate "2018.??.??"]
[EventType "blitz"]

1. e4 e5 2. Nf3 Nc6 3. c3 Bc5 4. d4 exd4 5. cxd4 Bb6 6. Nc3 d6 7. h3 Nf6 8. Bc4
a6 9. O-O Bd7 10. a3 Qe7 11. b4 O-O 12. Re1 Rae8 13. Bg5 h6 14. Nd5 Qd8 15.
Nxf6+ gxf6 16. Bxh6 Kh7 17. Bxf8 Rxf8 18. Nh4 Nxd4 19. Qh5+ Kg7 20. Re3 Rg8 21.
Rg3+ Kf8 22. Qh6+ Ke7 23. Qh7 Rf8 24. Ng6+ Ke8 25. Nxf8 Kxf8 26. Qg8+ Ke7 27.
Qxf7# {Black checkmated} 1-0

[Event "FICS rated blitz game"]
[Site "FICS freechess.org"]
[Date "2018.01.16"]
[Round "?"]
[White "BiH"]
[Black "Howitzer"]
[Result "0-1"]
[WhiteElo "1536"]
[BlackElo "1610"]
[PlyCount "78"]
[EventDate "2018.??.??"]
[EventType "blitz"]

1. e4 e5 2. Nf3 Nc6 3. c3 Nf6 4. d4 Nxe4 5. d5 Ne7 6. Nxe5 Ng6 7. Nd3 Bc5 8.
Nxc5 Nxc5 9. Qd4 Qe7+ 10. Be3 d6 11. Qxg7 Bf5 12. Bb5+ Bd7 13. Bxd7+ Nxd7 14.
O-O a6 15. Bd4 O-O-O 16. Qh6 f6 17. Nd2 Qf7 18. c4 Rhe8 19. Nb3 Re4 20. Qd2
Rde8 21. Rfe1 Qe7 22. Be3 f5 23. Rf1 f4 24. Bd4 f3 25. gxf3 Re2 26. Qh6 Nde5
27. Qh3+ Kb8 28. c5 Qf7 29. cxd6 cxd6 30. Be3 Nxf3+ 31. Kh1 Qxd5 32. Rad1 Qe4
33. Qg3 Nge5 34. h3 Ng5+ 35. Qg2 Nef3 36. Bxg5 Rg8 37. h4 h6 38. Rd4 Qc6 39.
Rg4 hxg5 0-1

[Event "FICS rated blitz game"]
[Site "FICS freechess.org"]
[Date "2018.01.16"]
[Round "?"]
[White "fabiuscu"]
[Black "PhantomFive"]
[Result "0-1"]
[WhiteElo "1125"]
[BlackElo "1425"]
[PlyCount "36"]
[EventDate "2018.??.??"]
[EventType "blitz"]

1. e4 e5 2. Nf3 Nc6 3. c3 Nf6 4. d3 Bc5 5. Be3 Bb6 6. Bxb6 axb6 7. b4 d5 8. Qe2
dxe4 9. dxe4 Bg4 10. h3 Bh5 11. g4 Bg6 12. Nbd2 O-O 13. g5 Nh5 14. Rd1 Nf4 15.
Qb5 Rxa2 16. h4 Bh5 17. Be2 Qe7 18. Nc4 Rxe2+ 0-1

[Event "FICS rated blitz game"]
[Site "FICS freechess.org"]
[Date "2018.01.16"]
[Round "?"]
[White "rusalka"]
[Black "KnightWorker"]
[Result "1-0"]
[WhiteElo "1240"]
[BlackElo "1222"]
[PlyCount "62"]
[EventDate "2018.??.??"]
[EventType "blitz"]

1. e4 e5 2. Nf3 Nc6 3. c3 a6 4. d4 Nf6 5. dxe5 Nxe4 6. Bc4 Be7 7. Qd5 O-O 8.
Na3 Nc5 9. Be3 Ne6 10. Bd3 Bxa3 11. O-O-O Be7 12. Be4 d6 13. exd6 Qxd6 14.
Bxh7+ Kh8 15. Bc2 Qxd5 16. Rxd5 b6 17. Rg1 Bb7 18. Rh5+ Kg8 19. Bh7+ Kh8 20.
Bc2+ Kg8 21. Bh7+ Kh8 22. Ne5 g6 23. Bxg6+ Kg7 24. Bh6+ Kg8 25. Bxf8 Bxf8 26.
Bxf7+ Kg7 27. Bxe6 Nxe5 28. Rxe5 Re8 29. f3 Kf6 30. Rge1 Bd6 31. Rh5 Rg8 {
Black resigns} 1-0